Silent spring (Record no. 590688)

000 -LEADER
fixed length control field 01719cam a22004097a 4500
001 - CONTROL NUMBER
control field 13030548
003 - CONTROL NUMBER IDENTIFIER
control field NUST
005 - DATE AND TIME OF LATEST TRANSACTION
control field 20220726201746.0
008 - FIXED-LENGTH DATA ELEMENTS--GENERAL INFORMATION
fixed length control field 021213s2002 maua b 001 0 eng d
010 ## - LIBRARY OF CONGRESS CONTROL NUMBER
LC control number 2002726803
020 ## - INTERNATIONAL STANDARD BOOK NUMBER
International Standard Book Number 0618249060 (pbk.)
020 ## - INTERNATIONAL STANDARD BOOK NUMBER
International Standard Book Number 061825305X
035 ## - SYSTEM CONTROL NUMBER
System control number (OCoLC)ocm50751491
038 ## - RECORD CONTENT LICENSOR
Staff Name Azhar
040 ## - CATALOGING SOURCE
Original cataloging agency OCO
Transcribing agency OCO
Modifying agency TXI
-- DLC
042 ## - AUTHENTICATION CODE
Authentication code lccopycat
050 00 - LIBRARY OF CONGRESS CALL NUMBER
Classification number QH545.P4
Item number C38 2002
082 00 - DEWEY DECIMAL CLASSIFICATION NUMBER
Classification number 363.7384
Edition number 21
Author Mark CAR
100 1# - MAIN ENTRY--PERSONAL NAME
Personal name Carson, Rachel,
Dates associated with a name 1907-1964.
9 (RLIN) 95424
245 10 - TITLE STATEMENT
Title Silent spring
Statement of responsibility, etc. Rachel Carson ; introduction by Linda Lear ; afterword by Edward O. Wilson ; [drawings by Lois and Louis Darling].
250 ## - EDITION STATEMENT
Edition statement 40th anniversary ed., 1st Mariner Books ed.
260 ## - PUBLICATION, DISTRIBUTION, ETC.
Place of publication, distribution, etc. Boston :
Name of publisher, distributor, etc. Houghton Mifflin,
Date of publication, distribution, etc. 2002.
300 ## - PHYSICAL DESCRIPTION
Extent xix, 378 p. :
Other physical details ill. ;
Dimensions 21 cm.
500 ## - GENERAL NOTE
General note "A Mariner book."
504 ## - BIBLIOGRAPHY, ETC. NOTE
Bibliography, etc. note Includes bibliographical references (p. [301]-355) and index.
650 #0 - SUBJECT ADDED ENTRY--TOPICAL TERM
Topical term or geographic name entry element Pesticides
General subdivision Environmental aspects.
9 (RLIN) 6764
650 #0 - SUBJECT ADDED ENTRY--TOPICAL TERM
Topical term or geographic name entry element Pesticides
General subdivision Toxicology.
9 (RLIN) 95425
650 #0 - SUBJECT ADDED ENTRY--TOPICAL TERM
Topical term or geographic name entry element Pesticides and wildlife.
9 (RLIN) 95426
650 #0 - SUBJECT ADDED ENTRY--TOPICAL TERM
Topical term or geographic name entry element Insect pests
General subdivision Biological control.
9 (RLIN) 95427
856 41 - ELECTRONIC LOCATION AND ACCESS
Materials specified Sample text
Uniform Resource Identifier <a href="http://www.loc.gov/catdir/samples/hm051/2002726803.html">http://www.loc.gov/catdir/samples/hm051/2002726803.html</a>
856 42 - ELECTRONIC LOCATION AND ACCESS
Materials specified Publisher description
Uniform Resource Identifier <a href="http://www.loc.gov/catdir/description/hm031/2002726803.html">http://www.loc.gov/catdir/description/hm031/2002726803.html</a>
856 41 - ELECTRONIC LOCATION AND ACCESS
Materials specified Table of contents
Uniform Resource Identifier <a href="http://www.loc.gov/catdir/toc/hm031/2002726803.html">http://www.loc.gov/catdir/toc/hm031/2002726803.html</a>
856 42 - ELECTRONIC LOCATION AND ACCESS
Materials specified Contributor biographical information
Uniform Resource Identifier <a href="http://www.loc.gov/catdir/enhancements/fy0737/2002726803-b.html">http://www.loc.gov/catdir/enhancements/fy0737/2002726803-b.html</a>
906 ## - LOCAL DATA ELEMENT F, LDF (RLIN)
a 7
b cbc
c copycat
d 2
e ncip
f 20
g y-gencatlg
942 ## - ADDED ENTRY ELEMENTS (KOHA)
Source of classification or shelving scheme
Koha item type Lincoln Corner
Holdings
Withdrawn status Lost status Source of classification or shelving scheme Damaged status Not for loan Permanent Location Current Location Shelving location Date acquired Full call number Barcode Date last seen Price effective from Koha item type
          Central Library (CL) Central Library (CL) Lincoln Corner 07/26/2022 363.7384 CAR LC-243 07/26/2022 07/26/2022 Reference
          Central Library (CL) Central Library (CL) Lincoln Corner 10/18/2022 363.7384 CAR LC-418 10/18/2022 10/18/2022 Reference
© 2023 Central Library, National University of Sciences and Technology. All Rights Reserved.